Catálogo de las exposiciones de arte en 1954 / (Record no. 162172)

MARC details
000 -LEADER
campo de control de longitud fija 00753nam a2200217 i 4500
001 - NÚMERO DE CONTROL
campo de control 162172
003 - IDENTIFICADOR DE NÚMERO DE CONTROL
campo de control ES-MaACL
005 - FECHA Y HORA DE LA ÚLTIMA TRANSACCIÓN
campo de control 20230906212438.0
008 - DATOS DE LONGITUD FIJA--INFORMACIÓN GENERAL
campo de control de longitud fija 170531s1955 mx |||| | spa d
080 ## - NÚMERO DE LA CLASIFICACIÓN DECIMAL UNIVERSAL
Número de la Clasificación Decimal Universal 7:061.43(72)"19"
100 0# - ENTRADA PRINCIPAL--NOMBRE DE PERSONA
Nombre de persona Fernández, Justino.
9 (RLIN) 49395
245 10 - MENCIÓN DEL TÍTULO
Título Catálogo de las exposiciones de arte en 1954 /
Mención de responsabilidad, etc. Justino Fernández.
260 ## - PUBLICACIÓN, DISTRIBUCIÓN, ETC.
Lugar de publicación, distribución, etc. México :
Nombre del editor, distribuidor, etc. [s.n.],
Fecha de publicación, distribución, etc. 1955 (
Fabricante Imp. Universitaria)
300 ## - DESCRIPCIÓN FÍSICA
Extensión 57 p. ;
Dimensiones 23 cm.
500 ## - NOTA GENERAL
Nota general "Suplemento del núm. 23 de los Anales del Instituto de Investigaciones Estéticas"
650 #4 - PUNTO DE ACCESO ADICIONAL DE MATERIA--TÉRMINO DE MATERIA
Término de materia o nombre geográfico como elemento de entrada Exposiciones de arte-
Subdivisión geográfica México.
9 (RLIN) 162922
655 #7 - TERMINO DE INDIZACIÓN--GENERO/FORMA
Fuente del término tgfbne
9 (RLIN) 193628
Datos o término principal de género/forma Catálogos de exposiciones
852 ## - LOCALIZACIÓN
Ubicación ES-MaACL
Número de control de estantería 2336-F-7
942 ## - ELEMENTOS DE ENTRADA SECUNDARIOS (KOHA)
Fuente del sistema de clasificación o colocación Clasificación decimal universal
Holdings
Estatus retirado Estado de pérdida Estado de daño No para préstamo Colección Biblioteca de origen Biblioteca actual Ubicación en estantería Fecha de adquisición Fuente de adquisición Total de préstamos Signatura topográfica completa Código de barras Visto por última vez Precio de reemplazo Tipo de ítem Koha
        Colección de folletos Biblioteca del Ateneo de Madrid Biblioteca del Ateneo de Madrid Depósito folletos 31/05/2017     2336-F-7 1197663 23/02/2023 23/02/2023 Folleto